Acta VŠFS Economic Studies and Analyses

Saved in:
Bibliographic Details
Format: Serial
Language:English
Published: Praha Vysoká škola finanční a správní 2016
Subjects:
Tags: Add Tag
No Tags, Be the first to tag this record!

MARC

LEADER 00000nas2a2200000 4500
001 0276759
005 20210702111226.1
022 |a 1802-792X 
041 0 |a eng 
044 |a CZ 
245 1 0 |a Acta VŠFS  |b Economic Studies and Analyses 
264 1 |a Praha  |b Vysoká škola finanční a správní  |c 2016 
773 0 |w eu_un_cat*0072294 
610 2 0 |a veda ekonomická 
610 2 0 |a teórie ekonomické 
610 2 0 |a analýza ekonomická 
610 2 0 |a výskum ekonomický 
610 2 0 |a metódy ekonomicko-matematické 
610 2 0 |a štúdie